[Event "Auckland ANZAC op"]
[Site "Auckland"]
[Date "2023.04.22"]
[Round "2"]
[White "Somaraju, Sai Vivan Karthikey"]
[Black "Cummings, Nick"]
[Result "1/2-1/2"]
[WhiteElo "1446"]
[BlackElo "1957"]
[PlyCount "61"]
[EventDate "2023.04.21"]
[EventType "swiss"]
[EventRounds "6"]
[EventCountry "NZL"]
[SourceTitle "EXT 2024"]
[Source "ChessBase"]
[SourceDate "2023.10.10"]
[SourceVersion "1"]
[SourceVersionDate "2023.10.10"]
[SourceQuality "1"]

1. d4 c5 2. d5 e5 3. c4 d6 4. Nc3 Be7 5. e4 Bg5 6. Nf3 Bxc1 7. Rxc1 Ne7 8. Be2 0-0 9. 0-0 a6 10. a4 Nd7 11. Qd2 Nf6 12. Rb1 Kh8 13. Ne1 Nd7 14. Nd3 Ng6 15. Rfd1 a5 16. Bg4 Nb6 17. Bxc8 Nxc4 18. Qc2 Rxc8 19. Nb5 Nb6 20. g3 Na8 21. b3 Nc7 22. Nxc7 Rxc7 23. Nb2 Rd7 24. Nc4 b6 25. Re1 Ne7 26. Kh1 Nc8 27. f4 exf4 28. gxf4 Qh4 29. Qd2 Re8 30. Re2 f6 31. Rbe1 1/2-1/2

[Event "Auckland ANZAC op"]
[Site "Auckland"]
[Date "2023.04.21"]
[Round "1"]
[White "Cummings, Nick"]
[Black "Wang, Lucas"]
[Result "1-0"]
[WhiteElo "1957"]
[BlackElo "1279"]
[PlyCount "95"]
[EventDate "2023.04.21"]
[EventType "swiss"]
[EventRounds "6"]
[EventCountry "NZL"]
[SourceTitle "EXT 2024"]
[Source "ChessBase"]
[SourceDate "2023.10.10"]
[SourceVersion "1"]
[SourceVersionDate "2023.10.10"]
[SourceQuality "1"]

1. Nf3 d5 2. c4 e6 3. g3 Nf6 4. d4 c5 5. cxd5 exd5 6. Bg2 Nc6 7. 0-0 Be7 8. Nc3 0-0 9. Be3 Qb6 10. Na4 Qa5 11. Nxc5 Bxc5 12. dxc5 Ne4 13. Qxd5 Re8 14. Qc4 Nf6 15. Bd2 Qc7 16. Bf4 Qa5 17. a3 Be6 18. Qc2 Qb5 19. Rac1 Rad8 20. Bd6 g6 21. e3 Bb3 22. Qb1 Ne4 23. Ne5 Nd2 24. Qd3 Qxd3 25. Nxd3 Nxf1 26. Kxf1 Rd7 27. Rc3 Be6 28. Nf4 Bf5 29. Nd5 Kg7 30. Nc7 Red8 31. e4 Bg4 32. f3 Be6 33. Nxe6+ fxe6 34. f4 Ne7 35. b4 Nc8 36. e5 Nxd6 37. exd6 Rc8 38. Bh3 Kf6 39. Re3 Re8 40. Ke2 b6 41. Kd3 bxc5 42. bxc5 Rdd8 43. Kd4 h6 44. Rb3 Rb8 45. Rxb8 Rxb8 46. c6 Rb1 47. c7 Rd1+ 48. Ke4 1-0

[Event "South Island-ch"]
[Site "Invercargill"]
[Date "2022.10.08"]
[Round "8"]
[White "Xie, Felix"]
[Black "Cummings, Nick"]
[Result "1/2-1/2"]
[WhiteElo "2044"]
[BlackElo "1968"]
[PlyCount "27"]
[EventDate "2022.10.05"]
[EventType "swiss"]
[EventRounds "8"]
[EventCountry "NZL"]
[SourceTitle "EXT 2024"]
[Source "ChessBase"]
[SourceDate "2023.10.10"]
[SourceVersion "1"]
[SourceVersionDate "2023.10.10"]
[SourceQuality "1"]

1. d4 d5 2. c4 dxc4 3. e3 e5 4. Bxc4 exd4 5. Nf3 dxe3 6. Bxf7+ Ke7 7. Qb3 Nh6 8. Ng5 exf2+ 9. Kf1 Bf5 10. Qe3+ Kf6 11. Qc3+ Ke7 12. Qe3+ Kf6 13. Qc3+ Ke7 14. Qe3+ 1/2-1/2

[Event "NZL-ch Rapid 129th"]
[Site "Christchurch"]
[Date "2022.01.12"]
[Round "8"]
[White "Cummings, Nick"]
[Black "Carpinter, Anthony Lawrence"]
[Result "0-1"]
[WhiteElo "2026"]
[BlackElo "2210"]
[PlyCount "72"]
[EventDate "2022.01.11"]
[EventType "swiss (rapid)"]
[EventRounds "9"]
[EventCountry "NZL"]
[SourceTitle "CBM 206 Extra"]
[Source "ChessBase"]
[SourceDate "2022.03.31"]
[SourceVersion "1"]
[SourceVersionDate "2022.03.31"]
[SourceQuality "1"]

1. Nf3 d5 2. c4 c6 3. g3 Bg4 4. cxd5 Bxf3 5. exf3 Qxd5 6. Nc3 Qd7 7. d4 Nf6 8. Bg2 e6 9. 0-0 Be7 10. Re1 0-0 11. Be3 Na6 12. Rc1 Rfd8 13. Qe2 Nb4 14. a3 Nbd5 15. Ne4 h6 16. Rc2 Re8 17. Nc5 Bxc5 18. Rxc5 e5 19. dxe5 Rxe5 20. f4 Re7 21. Rcc1 Rae8 22. Rcd1 Qc7 23. Qf3 Nxe3 24. Rxe3 Rxe3 25. fxe3 Qb6 26. Re1 Nd5 27. Kf2 Qxb2+ 28. Re2 Qb6 29. g4 Qc5 30. h4 f6 31. Qg3 Nc3 32. Rd2 Qxa3 33. Bf3 Qc1 34. Rd7 Qxe3+ 35. Kg2 Ne2 36. Bxe2 Qxe2+ 0-1

[Event "South Island-ch"]
[Site "Christchurch"]
[Date "2021.10.14"]
[Round "4"]
[White "Cummings, Nick"]
[Black "Cilia Vincenti, David"]
[Result "0-1"]
[WhiteElo "2032"]
[BlackElo "2076"]
[PlyCount "82"]
[EventDate "2021.10.13"]
[EventType "tourn"]
[EventRounds "7"]
[EventCountry "NZL"]
[SourceTitle "EXT 2024"]
[Source "ChessBase"]
[SourceDate "2023.10.10"]
[SourceVersion "1"]
[SourceVersionDate "2023.10.10"]
[SourceQuality "1"]

1. d4 f5 2. g3 Nf6 3. Bg2 g6 4. c3 Bg7 5. Nd2 0-0 6. Qb3+ d5 7. Nh3 e6 8. Nf3 a5 9. Nf4 a4 10. Qc2 Ne4 11. Nd3 Nd7 12. Bf4 c5 13. Nfe5 cxd4 14. cxd4 Qa5+ 15. Bd2 Nxd2 16. Qxd2 Nxe5 17. dxe5 Bd7 18. Qxa5 Rxa5 19. f4 Rc8 20. Kd2 Bb5 21. Rhc1 Rxc1 22. Rxc1 Bc4 23. a3 Bf8 24. Bf3 Rb5 25. Rc2 Be7 26. e3 Bd8 27. Nb4 Ba5 28. Kc3 Bb6 29. Kd2 Bc5 30. Nd3 Bxd3 31. Kxd3 b6 32. Bd1 Kf7 33. Rd2 Ra5 34. Bc2 b5 35. Bd1 b4 36. axb4 Bxb4 37. Rc2 Ra7 38. Rc8 a3 39. bxa3 Rxa3+ 40. Ke2 Ra2+ 41. Rc2 Ra1 0-1

[Event "Canterbury op"]
[Site "Canterbury"]
[Date "2003.??.??"]
[Round "1.11"]
[White "Stevenson, Michael"]
[Black "Cummings, Nick"]
[Result "0-1"]
[WhiteElo "1340"]
[BlackElo "2005"]
[PlyCount "76"]
[EventDate "2003.10.25"]
[EventType "swiss"]
[EventRounds "6"]
[EventCountry "NZL"]
[SourceTitle "CBM 097 Extra"]
[Source "ChessBase"]
[SourceDate "2004.01.13"]
[SourceVersion "1"]
[SourceVersionDate "2004.01.13"]
[SourceQuality "1"]

1. Nf3 d5 2. c4 e6 3. g3 Nf6 4. Bg2 Be7 5. 0-0 0-0 6. d3 b6 7. Nbd2 Bb7 8. b3 c5 9. Bb2 d4 10. Re1 Nc6 11. Ne5 Qc7 12. Nxc6 Bxc6 13. Nf3 Rad8 14. Bc1 e5 15. Bg5 h6 16. Bd2 Nd7 17. e3 dxe3 18. Bxe3 Qb7 19. Bd2 f5 20. Bc3 Bf6 21. Re3 f4 22. Re1 e4 23. Bxf6 Nxf6 24. Ne5 f3 25. Bh3 Rfe8 26. Nxc6 Rxd3 27. Nd8 Rdxd8 28. Qc2 Qc7 29. Bf5 Qe5 30. Bh3 Qh5 31. Bf1 Ng4 32. h4 Rd4 33. Rad1 Nf6 34. Qc3 Red8 35. Qc2 g5 36. Bh3 gxh4 37. Be6+ Kg7 38. Bf5 Qxf5 0-1